Ibérica (Record no. 42313)

MARC details
000 -LEADER
campo de control de longitud fija 00514nam a2200169 i 4500
001 - NÚMERO DE CONTROL
campo de control 42313
003 - IDENTIFICADOR DE NÚMERO DE CONTROL
campo de control ES-MaACL
005 - FECHA Y HORA DE LA ÚLTIMA TRANSACCIÓN
campo de control 20231204171250.0
007 - CAMPO FIJO DE DESCRIPCIÓN FÍSICA--INFORMACIÓN GENERAL
campo de control de longitud fija t|
008 - DATOS DE LONGITUD FIJA--INFORMACIÓN GENERAL
campo de control de longitud fija 030313s1926 sp ||||1| spa d
100 1# - ENTRADA PRINCIPAL--NOMBRE DE PERSONA
Nombre de persona Cejador y Frauca, Julio,
Fechas asociadas al nombre 1864-1927
9 (RLIN) 37333
245 10 - MENCIÓN DEL TÍTULO
Título Ibérica
Resto del título : alfabeto e inscripciones ibéricas /
Mención de responsabilidad, etc. Julio Cejador y Franca.
260 ## - PUBLICACIÓN, DISTRIBUCIÓN, ETC.
Lugar de publicación, distribución, etc. Barcelona :
Nombre del editor, distribuidor, etc. [s.n.,
Fecha de publicación, distribución, etc. 1926] (
Fabricante Tip. Emporium)
300 ## - DESCRIPCIÓN FÍSICA
Extensión 100 p. ;
Dimensiones 23 p.
852 ## - LOCALIZACIÓN
Ubicación ES-MaACL
Número de control de estantería 1711-F-3
Holdings
Estatus retirado Estado de pérdida Estado de daño No para préstamo Colección Biblioteca de origen Biblioteca actual Ubicación en estantería Fecha de adquisición Fuente de adquisición Total de préstamos Signatura topográfica completa Código de barras Visto por última vez Precio de reemplazo Tipo de ítem Koha
        Colección de folletos Biblioteca del Ateneo de Madrid Biblioteca del Ateneo de Madrid Depósito folletos 17/01/2008     1711-F-3 1044529 23/02/2023 23/02/2023 Folleto